000 00507cam a2200193ua 4500
001 800
008 110420n ii |||gr||||Z||||||eng
020 _a81-203-2890-6
040 _cMAIN
082 _a342.54
245 1 _aIntroduction to the constitution of India.
_cBy Brij Kishore Sharma.
250 _a3rd.
260 _aNew Delhi.:
_bPHI,
_c2005.
300 _axxv, 384 p.:
_c20 cm.
653 _aPolitical science.
653 _aConstitution of India.
700 1 _aSharma, Brij Kishore.,
942 _cBK
999 _c726
_d726